000 00421 a2200145 4500
001 67868
020 _a9780849382390
082 _a621.3848 MAS
090 _c38633
_d38633
100 _aMassonet,diadier
245 _aImaging With Synthetic Aperture Radar
_cDidier Massonnet and Jean Claude Souyris
260 _aSwiss
_bEPFL Press
_c2008
300 _axv.280 p
600 _aDidier Massonnet and Jean Claude Souyris
942 _acaenust
_k621.3848 MAS
999 _c302941
_d302941